000 00700cam a2200193 i 4500
005 20251117131746.0
008 250721s1989 le gri 000 0 ara d
082 1 4 _a213
_bن د ي
100 1 _aمرعشلي، نديم
_eمؤلف.
245 1 0 _aالمرشد الى كنز العمال في سنن الأقوال و الأفعال /
_cتصنيف نديم مرعشلي، اسامة مرعشلي.
250 _aالطبعة الثالثة.
264 3 1 _aبيروت :
_bمؤسسة الرسالة،
_c1989.
300 _a2 جزء.
650 1 7 _aالإسلام
650 1 7 _aالحديث الشريف.
700 1 _aمرعشلي، أسامه
_eمؤلف.
942 _2ddc
_cREF
999 _c26611
_d26611